Mimar Sinan – Mimari Deha Üstad Koca Sinan (Kayıt no. 1287429)

MARC ayrıntıları
000 -LEADER
sabit uzunluktaki kontrol alanı 00282nam a2200109Ia 4500
001 - KONTROL NUMARASI
kontrol alanı 1287429
005 - EN SON İŞLEMİN TARİH VE ZAMANI
kontrol alanı 20260417164416.0
008 - SABİT-UZUNLUKTA VERİ ÖĞELERİ--GENEL BİLGİ
sabit uzunluktaki kontrol alanı 260417s9999 xx 000 0 und d
020 ## - ULUSLARARASI STANDART KİTAP NUMARASI
Uluslararası Standart Kitap Numarası 9786256030695
245 #0 - ESER / YAZAR
ESER ADI Mimar Sinan – Mimari Deha Üstad Koca Sinan
260 ## - YAYIN, DAĞITIM, VB.
YAYIN EVİ Dokuz Çocuk
Mevcut
Düşüm durumu Kayıp durumu Hasar Durumu Ödünç verilmez Ana kütüphane Geçerli Kütüphane Edinilen tarih Toplam ödünç verme sayısı Barkod Son görüntüleme tarihi Fiyatın geçerli olmaya başladığı tarih Koha materyal türü
        ŞERİFE AKKANAT İLKOKULU ŞERİFE AKKANAT İLKOKULU 17.04.2026   11051047 17.04.2026 17.04.2026 Kitaplar
Gemini Bilgi Teknolojileri A.Ş. tarafından düzenlenmiştir.